MDQL
is popping MORE tags! Check the
thread
!
Quizzes
Events
Quiz Creation
Community
Videos
Private Events
Remove Ads
Sign In
Join for FREE
Feedback
Dark Mode
Quiz Categories
Sports
Geography
Music
Movies
Television
Just For Fun
Miscellaneous
History
Literature
Language
Science
Gaming
Entertainment
Religion
Holiday
For Kids
Quiz Lab
Recent
Popular Today
Quiz Kudos Today
Editor Picks
Curator Picks
Quizzes by...
Day
Popularity
Type
Ratings
Length
Year
Community
Subscriptions
Recent Discussions
Orange Saloon
Badges
Playlists
Quests
Create
Leaderboards
Showdown
Live 5
Trivia Bingo
Activity
Puzzle Library
Sporcle Events
Private Events
Virtual Trivia
Globe League
Become a Host
Pub Owners
SporcleCon
Opinionation
Our Games
Videos
Blog
Mobile Apps
Partnerships
Remove Ads and Go Orange
Feedback
Sports
Athletes
MLB
NBA
NHL
NFL
Soccer
Sports Teams
WWE
NCAA
Football
Premier League
Basketball
Baseball
Hockey
Golf
Tennis
Cricket
Rugby
Auto Racing
Olympics
World Cup
Sports
Athletes
MLB
NBA
NHL
NFL
Soccer
Sports Teams
WWE
NCAA
Football
Premier League
Basketball
Baseball
Hockey
Golf
Tennis
Cricket
Rugby
Auto Racing
Olympics
World Cup
Random Quiz
Search Sporcle
×
Quiz Lab
Quiz Lab
Sports
NHL
Type in answers that appear in a list
Type in answers that appear in a list
Classic
Best Score? Go Orange.
Ex Winnipeg Jets as Stanley Cup Champions Stats
Can you name the Ex Winnipeg Jets as Stanley Cup Champions on other teams since 1990?
20m
24 Questions
47 Plays
47 Plays
47 Plays
Comments
Comments
Give Quiz Kudos
Give Quiz Kudos
-
- Ratings
hide this ad
Replay
Link that replays current quiz
Next Quiz
Link to next quiz in quiz playlist
You Got
0%
They Got
Avg Score
31%
Avg Friend Score
Upgrade to see
Score Distribution
Jump to the score distribution portion of the page
Score
0/24
Timer
20:00
0
Plays Today
Hint
Answer
% Correct
Chicago Blackhawks (2010) Carolina Hurricanes (2006)
Andrew Ladd
80.9%
Anaheim Ducks (2007)
Teemu Selanne
78.7%
Tampa Bay Lightning (2020)
Zach Bogosian
75%
Chicago Blackhawks (2013)
Michael Frolik
59.6%
Detroit Red Wings (2008, 2002, 1998, 1997)
Kris Draper
59.6%
Tampa Bay Lightning (2004)
Nikolai Khabibulin
57.4%
Pittsburgh Penguins (2017)
Ron Hainsey
51.5%
Chicago Blackhawks (2015, 2013)
Johnny Oduya
48.9%
Pittsburgh Penguins (2016)
Eric Fehr
46.8%
Detroit Red Wings (2002)
Fredrik Olausson
42.6%
Carolina Hurricanes (2006) New Jersey Devils (2003)
Oleg Tverdovsky
34%
New York Rangers (1994)
Eddie Olczyk
34%
Hint
Answer
% Correct
Detroit Red Wings (2008)
Dallas Drake
25.5%
Edmonton Oilers (1990)
Pokey Reddick
25.5%
St Louis Blues (2019)
Zach Sanford
25%
Colorado Avalanche (1996)
Troy Murray
23.4%
Pittsburgh Penguins (1991)
Randy Gilhen
14.9%
Edmonton Oilers (1990, 1988, 1987)
Craig Muni
14.9%
New York Rangers (1994)
Mike Hartman
12.8%
New Jersey Devils (1995)
Danton Cole
10.6%
New Jersey Devils (2003)
Jim Mckenzie
8.5%
Pittsburgh Penguins (1991)
Peter Taglianetti
8.5%
Detroit Red Wings (2008)
Derek Meech
8.5%
Montreal Canadiens (1993)
Ed Ronan
6.4%
Quiz Playlist
Details
Report
Send in Message
Add To Playlist
Classic:
Type in answers that appear in a list
Last Updated: Nov 21, 2022
Quiz Scoreboard
CHALLENGE
Sign Up to Join the Scoreboard
Show All
Scores
Hide
Comments
May contain spoilers
Recently Published
Colored Red Africa Blitz
by spor1
Geography
30s
Find the 'City' Movie
by crazypaving
Movies
60s
5x2 Blitz: Bands
by SL_Kpop136
Music
30s
More to Explore
Quiz From the Vault
Featured Blog Post
14 Easter Pick-up Lines to Find Eggs With
hide this ad
You Might Also Like...
Tags
NHL Quiz
Winnipeg Jets
Today's Top Quizzes in Sports
Browse Sports
hide this ad
Today's Top Quizzes in NHL
Browse NHL
Top Contributed Quizzes in Sports
1
Les entraîneurs de l'OM et du PSG au 21e siècle
2
Les meilleurs buteurs des matchs entre le PSG et l’OM
3
Players with Multiple 50 Home Run Seasons
4
2022 World Cup Stars
5
Les joueurs passés par le PSG et l'OM
6
NBA Logic Puzzle 2.0
7
Criteria MLB: Left Handed Sluggers
8
MLB Players with Two .350 Batting Average Seasons
9
Top 10 NHL Goal Scorers of All Time
10
Who Hit More Homers?
Explore More
Trending Topics
Crossword
Anime
Disney
Harry Potter
Kpop
NBA
Marvel
Pokémon
The Office
Country
Puzzle
NFL
Soccer
Song
WWE
hide this ad
Score Distribution
Popular Quizzes Today
1
Colored Red Africa Blitz
2
Find the 'City' Movie
3
5x2 Blitz: Bands
4
Find the US States - No Outlines Minefield
5
The Countries of the World
6
Find the US States
7
US States
8
Find the Countries of Europe - No Outlines Minefield
More Sports Quizzes
MLB Ballpark Reveal XV
Quiz Lab
Trending Quizzes
Colored Red Europe Blitz I
Colored Red Africa Blitz II
Colored Red Europe Blitz II
Colored Red Africa Blitz III
Colored Red Europe Blitz III
Recently Updated
How Do You Spell That?
pecheneg
Godzilla Movies
pecheneg
Grab Bag: 4-10 Letters
pecheneg
2024 March Madness Bracket
pecheneg
Famous TV Couples
Peacemaker
Champions League XIs: Real Madrid
pecheneg
Largest US Cities 1790-2010
pecheneg
Rides in Walt Disney World
pecheneg
Most Oscar Losses (Acting)
pecheneg
Beyoncé Albums
pecheneg
Trending Topics
Marvel
Anime
Kpop
Crossword
Harry Potter
Disney
NBA
Country
Song
WWE
NFL
Soccer
Puzzle
Pokémon
The Office
Your Account Isn't Verified!
In order to create a playlist on Sporcle, you need to verify the email address you used during registration. Go to your
Sporcle Settings
to finish the process.
Report this User
Report this user for behavior that violates our
Community Guidelines
.
Details:
Send Report
Go to the Sporcle.com Mobile Site →
Comments